000 00551nam a2200181Ia 4500
003 IN-BaIIA
008 211028s9999 xx 000 0 eng d
020 _a0-7923-0582-5
040 _cIIA Library
080 _a58.7
_bIAU
110 _aInternational Astronomical Union
245 0 _aAlphabetical list of members
_cInternational Astronomical Union
260 _aU.S.A.
_bKluwer Academic
_c1989
300 _a[various pagings.]
650 _aAstronomy and Astrophysics Thesaurus
650 _aDirectory
_9567
942 _cBK
999 _c9781
_d9781